| 000 | 00527nam a2200169 a 4500 | ||
|---|---|---|---|
| 001 | 000040239 | ||
| 005 | 20201002034014.0 | ||
| 008 | 130820s1973 ag a 000 0 spa d | ||
| 040 |
_aDO-SdBNP _bspa _cBNPHU |
||
| 082 | _axxx | ||
| 100 | 1 |
_aGreen, Maury _966505 |
|
| 240 | 1 | 0 |
_aTelevision news _lespañol |
| 245 | 1 | 0 |
_aPeriodismo en tv / _cMaury Green ; traducción Roberto Juan Walton. |
| 260 |
_aBuenos Aires, Argentina : _bTroquel, _c1973. |
||
| 300 |
_a415 p. : _bil., ; _c24 cm. |
||
| 700 | 1 |
_aWalton, Roberto Juan, _etr. _949418 |
|
| 999 |
_c39729 _d39729 |
||